000 00971cam8a220021700 4500
001 tmp15736922
003 UPRA
005 20190819104634.0
008 951016n xx eng u
035 _a(Sirsi) r48418
050 _aTHESIS PHD (EDU) JAM 1987
100 1 _aKaabwe, Eleanor Stella Musanga
245 1 4 _aThe relationship between student characteristics and the academic achievement of secondary school students in Tanzania/
_cEleanor Stella Musanga
260 _aAlbany:
_bState University of New York,
_c1987.
300 _avii, 265p.:
_bill.
502 _aThesis Ph.D (EDU)--State University of New York at Albany, 1987.
504 _aIncludes bibliographical references.
650 0 _aAcademic achievement.
_6S4583.1
650 0 _aHigh school students -- Tanzania.
_zHigh school students -- Tanzania.
_6S4584.1
650 0 _aHigh school students' socio-economic status -- Tanzania.
_zHigh school students' socio-economic status -- Tanzania.
_6S4585.1
999 _c103388
_d103388